000 01015nam a22002657a 4500
001 7659
003 FISKH
005 20250730143249.0
008 250730b cb ||||| |||| 00| 0 eng d
020 _a9789833486465
040 _aFISKH
_beng
_cFISKH
_dFISKH
050 _aPZ7
082 _a823.5
100 _aAnonymous
245 _aGulliver's travel /
260 _aSelangor Darul Ehsan :
_bFuture ACE,
_c2005.
300 _a16 pages :
_bcolor illustrations ;
_c26 cm
505 _aG
520 _aThis is a simplified, child-friendly adaptation of Jonathan Swift’s famous satirical novel. The story presents Gulliver’s voyages to imaginative lands such as tiny Lilliputians and giant Brobdingnagians. With vivid illustrations and straightforward language, it makes a classic tale accessible and engaging for young readers.
521 8 _a380
_bLexile estimate
521 8 _aG
_bRaz-Plus
650 _aAdventure
_vClassic literature
_xFantasy
942 _2ddc
_cBK
_n0
999 _c7659
_d7659